000 00620nam a2200229 a 4500
008
020 _a9780942364057 (pbk.)
049 _aMAIN
090 _aRK361
_bDIC
100 1 _aDickson, Murray.
245 1 0 _aWhere there is no dentist /
_cMurray Dickison
260 _aBerkely :
_bHesperian,
_c2006.
300 _ax, 236 p. :
_bill. ;
_c22 cm.
500 _aIncludes index.
650 _aCare
_xteeth
_xgums
650 _aDental
_xcare
907 _a.b10284989
_b15-06-17
_c11-10-10
003
005 20230120204216.0
040 _cNUST
942 _cBOOKS
_kRK361
_mDIC
999 _c119099
_d119099